5-Letter Frenzy (Alphabetical Pairs) Quiz Stats

 Plays Quiz Updated Mar 16, 2020

Support Sporcle.
Go Orange.
Score 0/26 Timer 05:00
1 Play Today
2-Letter Combo 5-Letter Word % Correct
QRquare, quark, quart...
87.3%
PQpique
81.3%
VWvowed, vowel, vower
80.8%
JKjacks, jacky, jauks...
80.5%
FGfadge, fanga, fangs...
80.2%
LMhaulm, psalm, qualm...
76.1%
MNmacon, mason, matin...
75.3%
ZAzebra
69.9%
KLskell, skill, skirl...
65.6%
RSarses, arsis, arson...
62.4%
DEadage, addle, adobe...
60.8%
ABadobe, adobo, alibi...
58.8%
GHgalah, garth, gerah...
50.4%
2-Letter Combo 5-Letter Word % Correct
BCcubic, pubic, rabic...
46.1%
STascot, asset, escot...
46.1%
CDacids, acidy, scads...
45.5%
HIchili, dhobi, dhoti...
36.9%
IJninja, rioja
33.4%
UVcuvee, duvet
25.9%
WXtwixt
23.3%
TUbutut, cutup, datum...
22.8%
EFdecaf, feoff, kenaf...
21%
OPpolyp
18.9%
NOancho, andro, anglo...
18.7%
XYlaxly, sixty
15.1%
YZgyoza
5.2%

You're not logged in!

Compare scores with friends on all Sporcle quizzes.
OR
Log In

From the Vault

'BUT' in Words

by slipkid

Give this a play. There are no ifs, ands, or buts about it.
Remove Ads.
Support Sporcle.
Get the best of Sporcle when you Go Orange. This ad-free experience offers more features, more stats, and more fun while also helping to support Sporcle. Thank you for becoming a member.

Show Comments

Extras

Top Quizzes Today


Score Distribution

Your Account Isn't Verified!

In order to create a playlist on Sporcle, you need to verify the email address you used during registration. Go to your Sporcle Settings to finish the process.

Report this User

Report this user for behavior that violates our Community Guidelines.

Details: